| 000 | 00445nam a22001577a 4500 | ||
|---|---|---|---|
| 003 | SGT | ||
| 020 | _a9788127257811 | ||
| 082 | _a330,LRK | ||
| 100 | _aLEKHI,R.K. | ||
| 245 | _aBUSINESS ECONOMICS | ||
| 260 |
_aNEW DELHI _bKALYANI PUBLISHERS _c2010 |
||
| 300 | _a305 | ||
| 650 | _aECONOMICS | ||
| 653 | _aBASIC PROBLEMS OF AN ECONOMY,THEORY OF DEMAND,PRODUCTION FUNCTION,THEORY OF COSTS,MARKET STRUCTURES,FACTOR PRICING | ||
| 942 |
_2ddc _cFCM _014 |
||
| 999 |
_c8890 _d8890 |
||